| 000 | 01208nam a22002897a 4500 | ||
|---|---|---|---|
| 001 | 9559 | ||
| 003 | FISKH | ||
| 005 | 20260424155939.0 | ||
| 008 | 260123b cb ||||| |||| 00| 0 eng d | ||
| 020 | _a9781398527652 | ||
| 040 |
_aFISKH _beng _cFISKH _dFISKH |
||
| 050 | _aPZ7 .R915935 .T | ||
| 082 | _a813.6 | ||
| 100 |
_aRussell, Rachel Renée _eAuthor |
||
| 245 |
_aFrenemies forever / _cWith Nikki Russell and Erin Russell |
||
| 260 |
_aNew York : _bSimon & Schuster Children's Publishing Division , _c2016 |
||
| 300 |
_a243 pages : _billustrations ; _c20 cm |
||
| 490 |
_aDork diary : _v11 |
||
| 505 | _aR | ||
| 520 | _aNikki Maxwell has the worst luck. Of all the schools she could have been assigned to for the student exchange week program, she's stuck at North Hampton Hills, her archnemesis MacKenzie Hollister's new school. Even worse, there might just be someone at NHH who can out-MacKenzie MacKenzie! Can the queen of dorks survive a week at the head CCP's new school or will it be a dorky disaster? | ||
| 521 | 8 |
_a740
_bLexile |
|
| 521 | 8 |
_aR
_bRaz-Plus |
|
| 650 |
_aRealistic fiction _vHumor |
||
| 650 |
_aDork diaries _vGraphic novel |
||
| 942 |
_2ddc _cBK _n0 |
||
| 999 |
_c9559 _d9559 |
||